| 000 | 00722cab a2200241 4500 | ||
|---|---|---|---|
| 001 | ABS52288 | ||
| 008 | 090401t1995 xxu||||| |||| 00| 0 eng d | ||
| 035 | _a(Sirsi) u71008 | ||
| 041 | _aeng | ||
| 100 | _aNichols, T. | ||
| 245 | _aChoosing low-cost CAD | ||
| 260 | _c1995 | ||
| 350 | _a0 | ||
| 490 |
_aArchitects` Journal _v201(5) 2 February 1995, 37-39(3) |
||
| 520 | _aReviews three CAD programs, AutoCAD LT, Cadvance and Caddie, which cost around £500 and are available for Windows. | ||
| 650 | _aAUTOCAD LT | ||
| 650 | _aCAD SOFTWARE | ||
| 650 | _aDATA TRANSFER | ||
| 650 | _aSOFTWARE PACKAGES | ||
| 690 | _aMANAGEMENT-BUSINESS MANAGEMENT-INFORMATION MANAGEMENT | ||
| 942 | _n0 | ||
| 948 | _c04/03/1997 | ||
| 999 |
_c44738 _d44738 |
||